Cities in Luxembourg - Statistics

General Stats
  • This quiz has been taken 8 times
  • The average score is 4 of 15
Answer Stats
Population City % Correct
76,420 Luxembourg
100%
7,157 Bettembourg
29%
10,248 Differdange
29%
17,320 Dudelange
29%
4,610 Echternach
29%
27,146 Esch-sur-Alzette
29%
4,918 Mamer
29%
6,909 Petange
29%
7,849 Schifflange
29%
5,901 Strassen
29%
5,113 Belvaux
14%
5,514 Bertrange
14%
6,068 Diekurch
14%
6,191 Ettelbruck
14%
4,802 Soleuvre
14%
No matching quizzes found
Score Distribution
Percent of People with Each Score
Percentile by Number Answered
Your Score History
You have not taken this quiz